[Event "EU-ch (Women) 24th"]
[Site "Rhodes"]
[Date "2024.04.23"]
[Round "5"]
[White "Gaponenko, Inna"]
[Black "Markantonaki, Haritomeni"]
[Result "1/2-1/2"]
[WhiteElo "2332"]
[BlackElo "2167"]
[PlyCount "113"]
[EventDate "2024.04.19"]
[EventType "swiss"]
[EventRounds "10"]
[EventCountry "GRE"]
[SourceTitle "CB18_2024"]
[SourceDate "2024.05.01"]
[SourceVersion "1"]
[SourceVersionDate "2024.05.01"]
[SourceQuality "2"]

1. e4 c5 2. Nf3 e6 3. d4 cxd4 4. Nxd4 Nf6 5. Nc3 Nc6 6. Ndb5 Bb4 7. a3 Bxc3+ 8. Nxc3 d5 9. exd5 exd5 10. Bd3 0-0 11. 0-0 Bg4 12. f3 Bh5 13. Bg5 Qb6+ 14. Kh1 Ne4 15. Nxe4 dxe4 16. Bxe4 Qxb2 17. Qb1 Qb6 18. Qxb6 axb6 19. Rfb1 Bg6 20. Bxc6 bxc6 21. Rxb6 Bxc2 22. Rxc6 Ba4 23. Rc4 Rfe8 24. h4 h5 25. Rd4 Re2 26. Bd2 Bb3 27. Kg1 Ra4 28. Rxa4 Bxa4 29. Bb4 Rc2 30. Kh2 f6 31. Re1 Bb5 32. Rd1 Kf7 33. Kg1 Bc6 34. Rd8 Rc1+ 35. Kh2 Rc2 36. Rf8+ Kg6 37. Kg3 Bb5 38. Be1 Ra2 39. Ra8 Bf1 40. Bf2 Bb5 41. Ra7 Kh6 42. Be3+ Kg6 43. Bc5 Bf1 44. Bf2 Bb5 45. Rb7 Bc4 46. Rc7 Bb5 47. Rc5 Ba4 48. Rc3 Bb5 49. Rb3 Ba4 50. Re3 Bb5 51. Rc3 Ba6 52. Rb3 Kf5 53. Bd4 Rd2 54. Be3 Ra2 55. Bd4 Rd2 56. Bc3 Rc2 57. Bd4 1/2-1/2

[Event "EU-ch (Women) 24th"]
[Site "Rhodes"]
[Date "2024.04.21"]
[Round "3"]
[White "Esadze, Tamari"]
[Black "Markantonaki, Haritomeni"]
[Result "0-1"]
[WhiteElo "1965"]
[BlackElo "2167"]
[PlyCount "127"]
[EventDate "2024.04.19"]
[EventType "swiss"]
[EventRounds "10"]
[EventCountry "GRE"]
[SourceTitle "CB18_2024"]
[SourceDate "2024.05.01"]
[SourceVersion "1"]
[SourceVersionDate "2024.05.01"]
[SourceQuality "2"]

1. e4 e5 2. Nf3 Nc6 3. Bb5 a6 4. Ba4 Bc5 5. 0-0 Nge7 6. c3 Ng6 7. d4 Ba7 8. Be3 0-0 9. Bb3 d6 10. Nbd2 h6 11. h3 Qf6 12. d5 Nce7 13. Kh2 Nf4 14. Ng1 g5 15. g3 Nfg6 16. Bxa7 Rxa7 17. Qe2 Qg7 18. Bc2 Bd7 19. c4 Raa8 20. b4 c6 21. a4 Rac8 22. Bd3 Rfd8 23. Rfb1 f5 24. f3 h5 25. exf5 Nxf5 26. Qe4 Nfe7 27. Qe3 h4 28. g4 cxd5 29. Qxg5 Nf4 30. Qxg7+ Kxg7 31. Bf1 Be6 32. c5 dxc5 33. bxc5 Rxc5 34. Rxb7 Kf7 35. Rd1 Rc2 36. Kh1 Rdc8 37. Bxa6 R8c3 38. g5 Ra3 39. Ne2 Nfg6 40. Nb3 Raa2 41. Bd3 Rxe2 42. Bxe2 Rxe2 43. Rd2 Re1+ 44. Kh2 d4 45. Nxd4 exd4 46. Rxd4 Re2+ 47. Kg1 Bxh3 48. f4 Rg2+ 49. Kh1 Ra2 50. Rc7 Bf5 51. Rc1 h3 52. a5 Rxa5 53. Kh2 Ra2+ 54. Kg3 Rg2+ 55. Kf3 Nh4+ 56. Ke3 Rg3+ 57. Kf2 Rf3+ 58. Kg1 Ra3 59. Rd6 Ra2 60. Rf6+ Kg7 61. Rxf5 Nf3+ 62. Kf1 h2 63. Rf7+ Kxf7 64. g6+ 0-1

[Event "EU-chT (Women) 24th"]
[Site "Budva"]
[Date "2023.11.13"]
[Round "3.6"]
[White "Melia, Salome"]
[Black "Markantonaki, Haritomeni"]
[Result "1/2-1/2"]
[WhiteElo "2354"]
[BlackElo "2178"]
[PlyCount "63"]
[EventDate "2023.11.11"]
[EventType "team-swiss"]
[EventRounds "9"]
[EventCountry "MNE"]
[SourceTitle "CB47_2023"]
[SourceDate "2023.11.22"]
[SourceVersion "1"]
[SourceVersionDate "2023.11.22"]
[SourceQuality "1"]
[WhiteTeam "Georgia (W)"]
[BlackTeam "Greece (W)"]
[WhiteTeamCountry "GEO"]
[BlackTeamCountry "GRE"]

1. e4 e5 2. Nf3 Nc6 3. Bb5 a6 4. Ba4 Nf6 5. 0-0 Bc5 6. d3 b5 7. Bb3 d6 8. a4 Rb8 9. c3 h6 10. h3 0-0 11. Re1 Bb6 12. Na3 b4 13. Nc4 bxc3 14. bxc3 Na5 15. Nxa5 Bxa5 16. Qc2 Nh5 17. Bc4 Kh8 18. d4 Qf6 19. dxe5 dxe5 20. Nh2 Qg6 21. Kh1 Nf4 22. Bf1 Be6 23. Bxf4 exf4 24. Rab1 Bd7 25. Rxb8 Rxb8 26. Nf3 Qb6 27. Ne5 Be6 28. Bc4 Bxc4 29. Nxc4 Qc5 30. Nxa5 Qxa5 31. e5 Re8 32. Qf5 1/2-1/2

[Event "GRE-chT 50th"]
[Site "Nikaia"]
[Date "2023.08.30"]
[Round "7.5"]
[White "Markantonaki, Haritomeni"]
[Black "Chrysogelou, Athanasia Panagiota"]
[Result "1-0"]
[WhiteElo "2171"]
[BlackElo "1949"]
[PlyCount "45"]
[EventDate "2023.08.25"]
[EventType "team"]
[EventRounds "9"]
[EventCountry "GRE"]
[SourceTitle "EXT 2024"]
[Source "ChessBase"]
[SourceDate "2023.10.10"]
[SourceVersion "1"]
[SourceVersionDate "2023.10.10"]
[SourceQuality "1"]
[WhiteTeam "Ames Neas Erythreas"]
[BlackTeam "Irakleiou Attikis"]
[WhiteTeamCountry "GRE"]
[BlackTeamCountry "GRE"]

1. e4 c5 2. Nf3 d6 3. Bb5+ Bd7 4. Bxd7+ Qxd7 5. 0-0 g6 6. c3 Bg7 7. d4 Nc6 8. Re1 Nf6 9. d5 Nd8 10. c4 b5 11. e5 dxe5 12. Nxe5 Qb7 13. d6 e6 14. cxb5 Qxb5 15. Nc3 Qb7 16. Qa4+ Nd7 17. Bf4 f6 18. Nxd7 Qxd7 19. Rad1 e5 20. Bg3 Nb7 21. Qc4 Nxd6 22. Qa6 Rd8 23. Ne4 1-0

[Event "Aegean op 46th"]
[Site "Aghios Kirykos"]
[Date "2023.07.11"]
[Round "4"]
[White "Markantonaki, Haritomeni"]
[Black "Poulopoulos, Ilias"]
[Result "1-0"]
[WhiteElo "2187"]
[BlackElo "1378"]
[PlyCount "45"]
[EventDate "2023.07.09"]
[EventType "swiss"]
[EventRounds "9"]
[EventCountry "GRE"]
[SourceTitle "CBM 215 Extra"]
[Source "ChessBase"]
[SourceDate "2023.09.30"]
[SourceVersion "1"]
[SourceVersionDate "2023.09.30"]
[SourceQuality "1"]

1. e4 e5 2. Nf3 Nc6 3. Bb5 a6 4. Ba4 Nf6 5. 0-0 Be7 6. Re1 b5 7. Bb3 d6 8. c3 0-0 9. d4 Bg4 10. d5 Nb8 11. h3 Bh5 12. Nbd2 Nbd7 13. Bc2 Qc8 14. Nf1 c6 15. dxc6 Qxc6 16. Ng3 Bg6 17. Nh4 Rad8 18. Nhf5 Rfe8 19. Bg5 Nb6 20. Qf3 d5 21. exd5 Nbxd5 22. Rxe5 Nd7 23. Rxe7 1-0

[Event "Aegean op 46th"]
[Site "Aghios Kirykos"]
[Date "2023.07.10"]
[Round "2"]
[White "Sidiropoulos, Vasilis"]
[Black "Markantonaki, Haritomeni"]
[Result "0-1"]
[WhiteElo "1819"]
[BlackElo "2187"]
[PlyCount "260"]
[EventDate "2023.07.09"]
[EventType "swiss"]
[EventRounds "9"]
[EventCountry "GRE"]
[SourceTitle "CBM 215 Extra"]
[Source "ChessBase"]
[SourceDate "2023.09.30"]
[SourceVersion "1"]
[SourceVersionDate "2023.09.30"]
[SourceQuality "1"]

1. e4 e5 2. Nf3 Nc6 3. Bb5 a6 4. Ba4 Nf6 5. 0-0 b5 6. Bb3 Bc5 7. c3 d6 8. d4 Bb6 9. Be3 Bg4 10. Nbd2 0-0 11. h3 Bh5 12. dxe5 dxe5 13. Qe2 Qe7 14. Bxb6 cxb6 15. Bd5 Rac8 16. a4 Na7 17. axb5 axb5 18. Qe3 Rc5 19. Rfe1 Nc8 20. Ba2 Nd6 21. Nh4 Bg6 22. Nxg6 hxg6 23. Bb1 Nc4 24. Nxc4 bxc4 25. Bc2 Qb7 26. f4 exf4 27. Qxf4 Nh5 28. Qd6 Rc6 29. Qd4 Qe7 30. e5 Rd8 31. Qe3 Qc5 32. Be4 Re6 33. Qxc5 bxc5 34. Ra8 Rxa8 35. Bxa8 Nf4 36. Re4 Nd3 37. Rxc4 Rxe5 38. b4 cxb4 39. cxb4 Rb5 40. Rc8+ Kh7 41. Rc3 Nxb4 42. Rb3 Rb6 43. Bf3 Rb8 44. Bd5 f6 45. Be4 Nc6 46. Rxb8 Nxb8 47. Bd3 Nc6 48. Kf2 Kh6 49. Kg3 Ne5 50. Bb1 Kg5 51. Bc2 f5 52. Bb1 Kf6 53. Kf4 g5+ 54. Kg3 Ng6 55. Bc2 Ke5 56. Bb1 Ne7 57. Bc2 Nd5 58. Kf3 Nb4 59. Ba4 Nd3 60. Bc6 Ne1+ 61. Kf2 Nc2 62. Bd7 Nd4 63. Ke3 Ne6 64. Bc8 Nf8 65. Kf3 Nh7 66. Bd7 Nf6 67. Bc8 g4+ 68. hxg4 Nxg4 69. Bb7 Nf6 70. Ba8 g5 71. Bb7 Nd5 72. Ba8 Nb4 73. Bb7 Nc2 74. Ba8 Nd4+ 75. Ke3 g4 76. Kf2 Kf4 77. Bb7 Nb3 78. Ba8 Nc5 79. Bc6 Nd3+ 80. Kg1 Ne5 81. Bb7 Nc4 82. Bc8 Nd6 83. Bd7 Kg3 84. Be6 Kf4 85. Bd7 Nc4 86. Kf2 Nb2 87. Bc8 Nd1+ 88. Ke2 Nc3+ 89. Kf2 Nb5 90. Bd7 Nd4 91. Bc8 Kg5 92. Bb7 f4 93. Ba8 Kh4 94. Bb7 Nb3 95. Be4 Nd2 96. Ba8 Nb1 97. Be4 Nc3 98. Bc2 Nd5 99. Be4 Nf6 100. Bc6 Ng8 101. Bb7 Ne7 102. Be4 Nc8 103. Bc6 Nd6 104. Bd5 Nf5 105. Be4 Nd4 106. Bd5 Nf5 107. Be4 Kg5 108. Ba8 Kf6 109. Bb7 Ke5 110. Bc8 Ne3 111. Bd7 g3+ 112. Kg1 Kd4 113. Bc6 Nc2 114. Ba8 Ke3 115. Kf1 Nd4 116. Bb7 Nb3 117. Bc6 Nd2+ 118. Kg1 Ke2 119. Bb5+ Ke1 120. Bc6 Nb1 121. Bb7 Nc3 122. Bc6 Ne2+ 123. Kh1 Kf2 124. Bb7 Nc1 125. Bc6 Nd3 126. Ba8 Ne1 127. Bc6 Nxg2 128. Bxg2 f3 129. Bf1 g2+ 130. Kh2 g1Q+ 0-1

[Event "GRE-chT 49th"]
[Site "Thessaloniki"]
[Date "2022.08.14"]
[Round "4.4"]
[White "Markantonaki, Haritomeni"]
[Black "Kubicka, Anna"]
[Result "1-0"]
[WhiteElo "2138"]
[BlackElo "2237"]
[PlyCount "91"]
[EventDate "2022.08.12"]
[EventType "team-swiss"]
[EventRounds "7"]
[EventCountry "GRE"]
[SourceTitle "CBM 209 Extra"]
[Source "ChessBase"]
[SourceDate "2022.09.30"]
[SourceVersion "1"]
[SourceVersionDate "2022.09.30"]
[SourceQuality "1"]
[WhiteTeam "Ames Neas Erythreas"]
[BlackTeam "OFI"]
[WhiteTeamCountry "GRE"]
[BlackTeamCountry "GRE"]

1. e4 e5 2. Nf3 Nc6 3. Bb5 a6 4. Ba4 Nf6 5. 0-0 b5 6. Bb3 Bc5 7. c3 d6 8. d4 Bb6 9. a4 Bg4 10. Bg5 Rb8 11. h3 Bxf3 12. Qxf3 exd4 13. axb5 axb5 14. Qd3 Bc5 15. Kh1 h6 16. Bh4 g5 17. Bg3 Nh5 18. Qf3 Nxg3+ 19. fxg3 Ne5 20. Qh5 Qe7 21. Nd2 dxc3 22. bxc3 Rh7 23. Nf3 Nd7 24. Nd4 Bxd4 25. cxd4 c5 26. dxc5 Nxc5 27. Bd5 Nd3 28. Ra5 Kf8 29. Qg6 Rg7 30. Qxh6 Kg8 31. Rf6 Rf8 32. Rxb5 Nc5 33. Rg6 Qe5 34. Rxg7+ Qxg7 35. Qxd6 Na4 36. Rb7 Nc3 37. Qe7 Qg6 38. Rc7 Ne2 39. Rc6 Qg7 40. Kh2 Kh8 41. e5 Kg8 42. e6 Nd4 43. exf7+ Kh7 44. Rf6 g4 45. Qe4+ Kh8 46. Qxd4 1-0

[Event "GRE-chT 49th"]
[Site "Thessaloniki"]
[Date "2022.08.13"]
[Round "3.2"]
[White "Avramidou, Anastasia"]
[Black "Markantonaki, Haritomeni"]
[Result "1-0"]
[WhiteElo "2274"]
[BlackElo "2138"]
[PlyCount "71"]
[EventDate "2022.08.12"]
[EventType "team-swiss"]
[EventRounds "7"]
[EventCountry "GRE"]
[SourceTitle "CBM 209 Extra"]
[Source "ChessBase"]
[SourceDate "2022.09.30"]
[SourceVersion "1"]
[SourceVersionDate "2022.09.30"]
[SourceQuality "1"]
[WhiteTeam "Eaao Fysiolatris Nikias"]
[BlackTeam "Ames Neas Erythreas"]
[WhiteTeamCountry "GRE"]
[BlackTeamCountry "GRE"]

1. d4 Nf6 2. c4 e6 3. Nc3 Bb4 4. e3 0-0 5. Bd3 d5 6. a3 Bxc3+ 7. bxc3 c5 8. cxd5 exd5 9. Ne2 b6 10. 0-0 Nc6 11. f3 Re8 12. Ng3 a5 13. Ra2 Ba6 14. Bxa6 Rxa6 15. Re2 a4 16. Bb2 b5 17. e4 cxd4 18. cxd4 Na5 19. e5 Nd7 20. f4 Nc4 21. f5 Qb6 22. Kh1 b4 23. f6 bxa3 24. Ba1 gxf6 25. Ree1 Kh8 26. Nh5 f5 27. Rxf5 Qg6 28. Ng3 Rg8 29. Qf3 Rb6 30. Qxd5 Qe6 31. Qf3 Rb3 32. d5 Rxf3 33. dxe6 Rxf5 34. exd7 Rf2 35. e6+ f6 36. e7 1-0

[Event "GRE-chT 49th"]
[Site "Thessaloniki"]
[Date "2022.08.12"]
[Round "1.5"]
[White "Stefanidi, Maria Anna"]
[Black "Markantonaki, Haritomeni"]
[Result "1/2-1/2"]
[WhiteElo "1974"]
[BlackElo "2138"]
[PlyCount "106"]
[EventDate "2022.08.12"]
[EventType "team-swiss"]
[EventRounds "7"]
[EventCountry "GRE"]
[SourceTitle "CBM 209 Extra"]
[Source "ChessBase"]
[SourceDate "2022.09.30"]
[SourceVersion "1"]
[SourceVersionDate "2022.09.30"]
[SourceQuality "1"]
[WhiteTeam "Kallithea"]
[BlackTeam "Ames Neas Erythreas"]
[WhiteTeamCountry "GRE"]
[BlackTeamCountry "GRE"]

1. g3 d5 2. Bg2 e5 3. d3 Nf6 4. Nd2 Nc6 5. c3 Be7 6. Qc2 0-0 7. Ngf3 h6 8. b4 a6 9. a4 Be6 10. Bb2 b5 11. 0-0 Qd7 12. Rfd1 Bh3 13. Qb3 Bxg2 14. Kxg2 Qf5 15. c4 bxc4 16. dxc4 d4 17. b5 Nb4 18. Ba3 a5 19. Qb1 Qe6 20. Bxb4 Bxb4 21. Qc2 Bc3 22. Rac1 e4 23. Ng1 Rfd8 24. Nb3 e3 25. f3 Rac8 26. Qd3 c5 27. Nxc5 Rxc5 28. Rxc3 dxc3 29. Qxd8+ Ne8 30. Qxa5 c2 31. Rc1 Qxc4 32. Qd8 Rc8 33. Qd3 Qxa4 34. b6 Qc6 35. Rxc2 Qxc2 36. b7 Qxd3 37. bxc8Q Qb5 38. h4 g6 39. Qc3 Qb6 40. Nh3 Ng7 41. Nf4 Nf5 42. Qe5 Qd4 43. Qe4 Qxe4 44. fxe4 Nd4 45. Kf1 g5 46. hxg5 hxg5 47. Nd5 Nc2 48. g4 Kg7 49. e5 Kf8 50. Kg2 Nd4 51. Nxe3 Nxe2 52. Kf3 Nc3 53. Nf5 Nd5 1/2-1/2

[Event "Olympiad Women-44"]
[Site "Chennai"]
[Date "2022.08.09"]
[Round "11.4"]
[White "Blokhin, Sofia"]
[Black "Markantonaki, Haritomeni"]
[Result "0-1"]
[WhiteElo "1996"]
[BlackElo "2154"]
[PlyCount "100"]
[EventDate "2022.07.29"]
[EventType "team-swiss"]
[EventRounds "11"]
[EventCountry "IND"]
[SourceTitle "CBM 210"]
[Source "ChessBase"]
[SourceDate "2022.10.31"]
[SourceVersion "1"]
[SourceVersionDate "2022.10.31"]
[SourceQuality "1"]
[WhiteTeam "Estonia (W)"]
[BlackTeam "Greece (W)"]
[WhiteTeamCountry "EST"]
[BlackTeamCountry "GRE"]

1. e4 e5 2. Bc4 Nf6 3. d3 Bc5 4. Nf3 Nc6 5. 0-0 0-0 6. c3 d6 7. b4 Bb6 8. a4 a5 9. b5 Ne7 10. h3 Ng6 11. Bb3 c6 12. c4 Nh5 13. Nc3 Nhf4 14. Kh2 h6 15. Ne2 Qf6 16. Nxf4 Nxf4 17. Be3 Bc7 18. Ng1 Be6 19. g3 Ng6 20. Rc1 Qe7 21. Qh5 Nh8 22. f4 f5 23. exf5 Rxf5 24. Qe2 exf4 25. Bxf4 Qf6 26. Rce1 Bf7 27. Qd1 Ng6 28. Be3 Re8 29. Rxf5 Qxf5 30. Rf1 Qe5 31. Bf2 Qb2 32. Qc2 Qxc2 33. Bxc2 Ne5 34. Bd4 c5 35. Bxe5 Rxe5 36. Rf2 d5 37. Nf3 Re3 38. cxd5 Bxd5 39. Bd1 Rxd3 40. Rd2 Rxd2+ 41. Nxd2 Kf7 42. Nf1 Ke6 43. Ne3 Ke5 44. Bc2 Kd4 45. Nf5+ Kc3 46. Ne3 Bb3 47. Bg6 Kd2 48. Nf5 Bc2 49. Kg2 Bxf5 50. Bxf5 c4 0-1

[Event "Olympiad Women-44"]
[Site "Chennai"]
[Date "2022.08.08"]
[Round "10.3"]
[White "Steffensen, Elena"]
[Black "Markantonaki, Haritomeni"]
[Result "0-1"]
[WhiteElo "2044"]
[BlackElo "2154"]
[PlyCount "88"]
[EventDate "2022.07.29"]
[EventType "team-swiss"]
[EventRounds "11"]
[EventCountry "IND"]
[SourceTitle "CBM 210"]
[Source "ChessBase"]
[SourceDate "2022.10.31"]
[SourceVersion "1"]
[SourceVersionDate "2022.10.31"]
[SourceQuality "1"]
[WhiteTeam "Denmark (W)"]
[BlackTeam "Greece (W)"]
[WhiteTeamCountry "DEN"]
[BlackTeamCountry "GRE"]

1. e4 c5 2. Nc3 Nc6 3. g3 g6 4. Bg2 Bg7 5. d3 d6 6. Bg5 Rb8 7. Nge2 b5 8. Qd2 b4 9. Nd1 h6 10. Be3 Nd4 11. c3 bxc3 12. bxc3 Nxe2 13. Qxe2 Qa5 14. 0-0 Ba6 15. Rc1 Nf6 16. f4 0-0 17. e5 Nd7 18. e6 fxe6 19. Bh3 Rf5 20. Bd2 Nf8 21. Bxf5 gxf5 22. g4 Qxa2 23. gxf5 exf5 24. Rf3 Bb7 25. Rg3 Qd5 26. Nf2 Qf7 27. Re1 Re8 28. Nd1 Kh7 29. Kf2 e5 30. d4 cxd4 31. cxd4 exf4 32. Qxe8 fxg3+ 33. hxg3 Qd5 34. Rg1 Bxd4+ 35. Be3 Bg7 36. Qh5 Ng6 37. Nc3 Qd3 38. Nd1 Ne5 39. Qe2 Ng4+ 40. Ke1 Qb1 41. Qd2 Ne5 42. Kf2 Qe4 43. Nc3 Ng4+ 44. Ke2 Ba6+ 0-1

[Event "GRE-ch (Women) 43rd"]
[Site "Lamia"]
[Date "2021.12.12"]
[Round "9"]
[White "Skaraki, Antigoni"]
[Black "Markantonaki, Haritomeni"]
[Result "0-1"]
[WhiteElo "1979"]
[BlackElo "2133"]
[PlyCount "96"]
[EventDate "2021.12.04"]
[EventType "tourn"]
[EventRounds "9"]
[EventCountry "GRE"]
[SourceTitle "CBM 205 Extra"]
[Source "ChessBase"]
[SourceDate "2022.01.31"]
[SourceVersion "1"]
[SourceVersionDate "2022.01.31"]
[SourceQuality "1"]

1. Nf3 Nf6 2. g3 d5 3. Bg2 e6 4. 0-0 Be7 5. d3 0-0 6. Nbd2 Nc6 7. e4 dxe4 8. dxe4 e5 9. c3 a5 10. Qc2 Bc5 11. Nc4 Qe7 12. Be3 Ng4 13. Qe2 b6 14. h3 Nf6 15. Rfe1 Ba6 16. Nfd2 Rad8 17. Rad1 Rd7 18. Nf1 Rfd8 19. Rxd7 Rxd7 20. b3 b5 21. Bxc5 Qxc5 22. Qe3 Qe7 23. Ncd2 h6 24. g4 b4 25. c4 Nd4 26. Ng3 Nc2 27. Qe2 Nxe1 28. Qxe1 Qd8 29. Ndf1 Rd1 30. Qe3 Qd4 31. Qf3 Bb7 32. h4 Bc8 33. Bh3 Qd3 34. Qg2 Bxg4 35. Bxg4 Nxg4 36. Nf5 g6 37. N5g3 h5 38. f3 Ne3 39. Qf2 Nxf1 40. Nxf1 Qd4 41. Kg2 Qxf2+ 42. Kxf2 Ra1 43. Nd2 Rxa2 44. Ke3 a4 45. bxa4 Rxa4 46. Kd3 Ra3+ 47. Kc2 Ra2+ 48. Kc1 Rxd2 0-1

[Event "GRE-ch (Women) 43rd"]
[Site "Lamia"]
[Date "2021.12.09"]
[Round "6"]
[White "Markantonaki, Haritomeni"]
[Black "Makropoulou, Marina"]
[Result "1-0"]
[WhiteElo "2133"]
[BlackElo "2182"]
[PlyCount "92"]
[EventDate "2021.12.04"]
[EventType "tourn"]
[EventRounds "9"]
[EventCountry "GRE"]
[SourceTitle "CBM 205 Extra"]
[Source "ChessBase"]
[SourceDate "2022.01.31"]
[SourceVersion "1"]
[SourceVersionDate "2022.01.31"]
[SourceQuality "1"]

1. e4 c5 2. Nf3 e6 3. d4 cxd4 4. Nxd4 Nc6 5. Nc3 Qc7 6. Be2 Nf6 7. Be3 a6 8. 0-0 d6 9. f4 Be7 10. Qe1 0-0 11. Qg3 Bd7 12. Kh1 Rac8 13. Rad1 b5 14. a3 b4 15. Nxc6 Bxc6 16. axb4 Nxe4 17. Nxe4 Bxe4 18. c3 Ra8 19. Bd4 f6 20. Ra1 Qb7 21. Ra5 Bd8 22. Ra3 Bb6 23. Bxb6 Qxb6 24. Rfa1 Bb7 25. Qe1 e5 26. Qf1 d5 27. Bxa6 Bxa6 28. Rxa6 Rxa6 29. Qxa6 Qxa6 30. Rxa6 d4 31. Kg1 Rd8 32. Kf2 d3 33. Ra1 e4 34. f5 g6 35. g4 gxf5 36. gxf5 d2 37. Rd1 Rd3 38. Ke2 Rf3 39. Rxd2 Rxf5 40. Ke3 Re5 41. c4 Kf7 42. c5 f5 43. c6 Re8 44. b5 Ke6 45. c7 Ke5 46. Rd8 Rh8 1-0

[Event "GRE-ch (Women) 43rd"]
[Site "Lamia"]
[Date "2021.12.06"]
[Round "3"]
[White "Markantonaki, Haritomeni"]
[Black "Makka, Evanthia"]
[Result "1/2-1/2"]
[WhiteElo "2133"]
[BlackElo "2046"]
[PlyCount "76"]
[EventDate "2021.12.04"]
[EventType "tourn"]
[EventRounds "9"]
[EventCountry "GRE"]
[SourceTitle "CBM 205 Extra"]
[Source "ChessBase"]
[SourceDate "2022.01.31"]
[SourceVersion "1"]
[SourceVersionDate "2022.01.31"]
[SourceQuality "1"]

1. e4 d5 2. exd5 Qxd5 3. Nc3 Qa5 4. d4 Nf6 5. Bd2 Bg4 6. f3 Bd7 7. Bc4 Qb6 8. Nge2 e6 9. a4 a5 10. 0-0 Be7 11. Be3 0-0 12. Qe1 Nc6 13. Qf2 Nb4 14. Nf4 Qc6 15. Bb3 Nbd5 16. Ncxd5 Nxd5 17. Nd3 Nxe3 18. Qxe3 Qd6 19. c3 Qb6 20. Bc2 Rad8 21. Rae1 Bc8 22. Kh1 c6 23. f4 Bf6 24. Rf3 g6 25. Ref1 Bg7 26. Qf2 Qc7 27. Qh4 f5 28. Re3 Bf6 29. Qf2 b6 30. Rfe1 c5 31. dxc5 bxc5 32. Qe2 Rd5 33. c4 Rd4 34. b3 Rfd8 35. Qf2 R4d6 36. Rh3 Rd4 37. Rhe3 R8d6 38. R1e2 Rd8 1/2-1/2

[Event "EU-chT (Women) 23rd"]
[Site "Terme Catez"]
[Date "2021.11.12"]
[Round "1.3"]
[White "Kiolbasa, Oliwia"]
[Black "Markantonaki, Haritomeni"]
[Result "1-0"]
[WhiteElo "2403"]
[BlackElo "2174"]
[PlyCount "61"]
[EventDate "2021.11.12"]
[EventType "team-swiss"]
[EventRounds "9"]
[EventCountry "SLO"]
[SourceTitle "CBM 205"]
[Source "ChessBase"]
[SourceDate "2021.12.31"]
[SourceVersion "1"]
[SourceVersionDate "2021.12.31"]
[SourceQuality "1"]
[WhiteTeam "Poland (W)"]
[BlackTeam "Greece (W)"]
[WhiteTeamCountry "POL"]
[BlackTeamCountry "GRE"]

1. e4 e5 2. Nf3 Nc6 3. Bb5 a6 4. Ba4 Nf6 5. 0-0 b5 6. Bb3 Bb7 7. Re1 Be7 8. c3 0-0 9. d4 d6 10. h3 exd4 11. cxd4 d5 12. exd5 Nb4 13. Nc3 Nbxd5 14. Bg5 Nxc3 15. bxc3 h6 16. Bh4 c5 17. Qe2 Bd6 18. dxc5 Bxc5 19. Ne5 Qb6 20. Qc2 Rad8 21. Qf5 Bc8 22. Qf4 a5 23. Rab1 Rd6 24. a4 Be6 25. Bxf6 gxf6 26. Ng4 Bxg4 27. Qxg4+ Kh8 28. Qf4 Kg7 29. Bc2 Re6 30. Qg4+ Kh8 31. Qf5 1-0

[Event "GRE-chT 48th"]
[Site "Athens"]
[Date "2021.09.08"]
[Round "2.2"]
[White "Makka, Ioulia"]
[Black "Markantonaki, Haritomeni"]
[Result "1-0"]
[WhiteElo "2024"]
[BlackElo "2181"]
[PlyCount "123"]
[EventDate "2021.09.07"]
[EventType "team-swiss"]
[EventRounds "7"]
[EventCountry "GRE"]
[SourceTitle "CBM 204 Extra"]
[Source "ChessBase"]
[SourceDate "2021.11.30"]
[SourceVersion "1"]
[SourceVersionDate "2021.11.30"]
[SourceQuality "1"]
[WhiteTeam "Panellinios GS"]
[BlackTeam "Zeenon Glyfathas"]
[WhiteTeamCountry "GRE"]
[BlackTeamCountry "GRE"]

1. e4 e5 2. Nf3 Nc6 3. Bb5 a6 4. Ba4 Nf6 5. d3 b5 6. Bb3 Bb7 7. 0-0 Be7 8. Nc3 0-0 9. a3 d6 10. Re1 h6 11. h3 Re8 12. Bd2 Bf8 13. Nd5 Nxd5 14. Bxd5 Qc8 15. Nh4 Ne7 16. Bxb7 Qxb7 17. Qg4 Kh7 18. f4 exf4 19. Qxf4 Ng6 20. Nxg6 fxg6 21. Bc3 c5 22. Rf1 Rac8 23. Rf2 Qb6 24. b3 Qc6 25. Kh1 c4 26. Bd4 d5 27. e5 a5 28. a4 b4 29. Raf1 cxb3 30. cxb3 Qe6 31. Qg3 Bc5 32. Bxc5 Rxc5 33. d4 Rc3 34. Rf3 Rec8 35. Kh2 Qb6 36. Qg4 Rc2 37. Rf7 h5 38. Qd7 Rg8 39. Qxd5 Rd2 40. Rd7 Qa6 41. Rf3 Qe2 42. Rg3 Qe1 43. Qe6 Qb1 44. Rd6 Rd1 45. Qxg6+ Qxg6 46. Rgxg6 Rxd4 47. Rg5 Rxd6 48. exd6 Rd8 49. Rxh5+ Kg6 50. Rd5 Kf6 51. d7 Ke7 52. Kg3 Ke6 53. Rd2 Ke7 54. Kg4 Kf6 55. h4 Kg6 56. Rd6+ Kf7 57. Kg5 Ke7 58. Rd2 Kf7 59. h5 Ke7 60. Kg6 Kf8 61. Rd3 Kg8 62. Re3 1-0

[Event "Online Olym Div Top-D"]
[Site "Chess.com INT"]
[Date "2020.08.22"]
[Round "6.4"]
[White "Markantonaki, Haritomeni"]
[Black "Miranda Llanes, Yerisbel"]
[Result "0-1"]
[WhiteElo "2185"]
[BlackElo "2262"]
[PlyCount "118"]
[EventDate "2020.08.21"]
[EventType "team-tourn (rapid)"]
[EventRounds "9"]
[EventCountry "USA"]
[SourceTitle "CBM 198"]
[Source "ChessBase"]
[SourceDate "2020.10.31"]
[SourceVersion "1"]
[SourceVersionDate "2020.10.31"]
[SourceQuality "1"]
[WhiteTeam "Greece"]
[BlackTeam "Cuba"]
[WhiteTeamCountry "GRE"]
[BlackTeamCountry "CUB"]

1. e4 e5 2. Nf3 Nc6 3. Bb5 a6 4. Ba4 Nf6 5. 0-0 b5 6. Bb3 Bc5 7. c3 d6 8. Re1 0-0 9. d3 h6 10. Nbd2 Bb6 11. Nf1 Ne7 12. Ng3 Ng6 13. Be3 Bxe3 14. fxe3 c6 15. h3 Re8 16. Rf1 d5 17. Qe2 dxe4 18. Nxe4 Nxe4 19. dxe4 Be6 20. Rad1 Qe7 21. Qf2 Bxb3 22. axb3 a5 23. c4 Rad8 24. Rxd8 Rxd8 25. h4 Rd3 26. h5 Nh8 27. cxb5 cxb5 28. Qc2 Rd8 29. Qc3 b4 30. Qxe5 Qxe5 31. Nxe5 Re8 32. Nc4 Rxe4 33. Ra1 f6 34. Rxa5 Nf7 35. Ra8+ Kh7 36. Kf2 Ne5 37. Nd6 Rh4 38. Ra7 Rxh5 39. Ne8 Ng4+ 40. Kf3 Rg5 41. Rb7 Kg8 42. Rxb4 Ne5+ 43. Ke2 Rxg2+ 44. Kf1 Rxb2 45. Rb8 Kf7 46. Nd6+ Ke6 47. Ne8 Kf7 48. Nd6+ Kg6 49. Rb7 h5 50. e4 h4 51. Nf5 Rb1+ 52. Kg2 Kg5 53. Rxg7+ Kf4 54. Nxh4 Kxe4 55. Rb7 Nd3 56. Re7+ Kf4 57. Ng6+ Kg5 58. Nf8 Rxb3 59. Ne6+ Kg6 0-1